Trouvez le joueur saison 24/25 - difficile - Statistiques

Statistiques générales
  • Ce quiz a été pris 130 fois
  • Le résultat moyen est 9 sur 15
Statistiques - réponses
Club Pays Numéro Nom % Correct
Los Angeles FC France 1 Hugo Lloris
91%
Galatasaray Nigeria 45 Victor Osimhen
81%
AS Monaco Suisse 36 Breel Embolo
76%
RC Lens France 7 Florian Sotoca
72%
Crystal Palace France 14 Jean-Philippe Mateta
72%
Stade Brestois France 20 Pierre Lees-Melou
69%
Olympique de Marseille France 9 Elye Wahi
68%
Sassuolo Italie 10 Domenico Berardi
54%
Everton Sénégal 10 Iliman Ndiaye
53%
Aston Villa Belgique 24 Amadou Onana
52%
Juventus Turin Pologne 14 Arkadiusz Milik
49%
Girona FC Pays-Bas 17 Daley Blind
47%
West Ham Allemagne 11 Niclas Füllkrug
40%
Vfl Wolfsburg Croatie 19 Lovro Majer
37%
Atalanta Bergame Serbie 24 Lazar Samardžić
10%
Aucun quiz correspondant
Distribution des résultats
% des personnes avec chaque résultat
Percentile par nombre de réponses
Votre historique - résultats
Vous n’avez pas pris ce quiz